00696 2200193 4500245005300000020002200053250001100075100001700086700001600103650001700119650002100136005001900157260003800176041001400214084001200228300002300240500023000263336000900493 aRissa ; Sebuah Pilihan HidupcLarissa ChouhText a978-602-6714-50-3 aCet. 3 aLarissa Chou aBramtalaras aAutobiografi aKisah Inspiratif a20231002130536 aJakartabFalcon Interactivec2019 aIndonesia a809.382 a199 hlm. :c19 cm. aIkuti kisah risa tentang bagaimana sulitnya mengambil sebuah pilihan hidup yang sangat bertentangan dengan keluarga dan lingkungan. Sebuah keputusan besar dari proses panjang mencari jati diri. Berperang dengan batin sendiri. atext